000 00436nam a2200157 4500
001 136668
003 ES-MaACL
005 20230906195210.0
007 t|
008 070214s1972 sp r ||||1| cat d
100 1 _aSala Cornado, Antón.
_9101660
245 1 0 _aSuite pirinenca /
_cAntón Sala Cornado.
260 _aTarraga :
_bF. Camps Calmet,
_c1972.
300 _a54 p., 4 lám. ;
_c21 cm.
852 _aES-MaACL
_jC-45134
_bR.81065
999 _c136668
_d136668